Study on land use planning in lang concession area in sambok and hangkrang communes, chetborei district, kratie province, ការសិក្សាផែនការប្រើប្រាស់ដីធ្លី ក្នុងតំបន់ដីសម្បទានសង្គមកិច្ច នៅឃុំសំបុក និងឃុំចង្រង់ ស្រុកចិត្របិរី ខេត្តក្រចេះ. (Record no. 5509)

000 -LEADER
fixed length control field 00827nam a22001337a 4500
040 ## - CATALOGING SOURCE
Transcribing agency RUA
082 ## - DEWEY DECIMAL CLASSIFICATION NUMBER
Classification number LMA THO 2010 B292 Or.1
100 ## - MAIN ENTRY--AUTHOR NAME
Personal name THOEUN DANY ; ធឿន ដានី
245 ## - TITLE STATEMENT
Title Study on land use planning in lang concession area in sambok and hangkrang communes, chetborei district, kratie province, ការសិក្សាផែនការប្រើប្រាស់ដីធ្លី ក្នុងតំបន់ដីសម្បទានសង្គមកិច្ច នៅឃុំសំបុក និងឃុំចង្រង់ ស្រុកចិត្របិរី ខេត្តក្រចេះ.
260 ## - PUBLICATION, DISTRIBUTION, ETC. (IMPRINT)
Place of publication Phnom Penh
Name of publisher RUA
Year of publication 2010
300 ## - PHYSICAL DESCRIPTION
Number of Pages x ;45p.
Other physical details ill.
Dimensions 29cm.
856 ## - ELECTRONIC LOCATION AND ACCESS
Uniform Resource Identifier https://drive.google.com/file/d/1psodhAAxSLAaRnjnmVsZn611cG1wv_OE/view?usp=sharing
942 ## - ADDED ENTRY ELEMENTS (KOHA)
Koha item type LMA
952 ## - LOCATION AND ITEM INFORMATION (KOHA)
Withdrawn status [LOCAL, KOHA] 0
952 ## - LOCATION AND ITEM INFORMATION (KOHA)
Withdrawn status [LOCAL, KOHA] 0
952 ## - LOCATION AND ITEM INFORMATION (KOHA)
Withdrawn status [LOCAL, KOHA] 0
952 ## - LOCATION AND ITEM INFORMATION (KOHA)
Withdrawn status [LOCAL, KOHA] 0
952 ## - LOCATION AND ITEM INFORMATION (KOHA)
Withdrawn status [LOCAL, KOHA] 0
952 ## - LOCATION AND ITEM INFORMATION (KOHA)
Withdrawn status [LOCAL, KOHA] 0
952 ## - LOCATION AND ITEM INFORMATION (KOHA)
Withdrawn status [LOCAL, KOHA] 0
952 ## - LOCATION AND ITEM INFORMATION (KOHA)
Withdrawn status [LOCAL, KOHA] 0
Holdings
Permanent Location Date acquired Koha item type Lost status Barcode Shelving location Current Location Full call number
Library Block B2016-01-02LMA RUA010423 Library Block BLMA THO 2010 B302 Or.1
Library Block B2016-01-02LMA RUA010208 Library Block BLMA THO 2010 B302 Or.2
Library Block B2016-01-02LMA RUA010071 Library Block BLMA THO 2010 B302 Or.3
Library Block B2016-01-02LMA RUA018860 Library Block BLMA THO 2010 B302 Or.4
Library Block B2016-01-02LMA RUA019518 Library Block BLMA THO 2010 B302 Or.5
Library Block B2016-01-02LMA RUA018929 Library Block BLMA THO 2010 B302 Or.6
Library Block B2016-01-05LMA RUA025778B302Library Block BLMA THO 2010 B302 Or.7
Library Block B2016-02-01LMA RUA050870 Library Block BLMA THO 2010 B292 Or.8
មជ្ឈមណ្ឌលឯការនៃសាកលវិទ្យាល័យភូមិន្ទកសិកម្មចំការដូង

Powered by Koha